| 000 | 00000nam##2200000za#4500 |
| 001 | 9.625889 |
| 003 | CaOODSP |
| 005 | 20200421163423 |
| 007 | ta |
| 008 | 150406|2001||||xxc||||| f|0| 0 fre|d |
| 020 | |a0-662-86797-1 |
| 040 | |aCaOODSP|bfre |
| 043 | |an-cn--- |
| 086 | 1 |aNH18-23/90F |
| 110 | 2 |aSociété canadienne d'hypothèques et de logement. |
| 245 | 13|aLe désinvestissement et le déclin des quartiers en milieu urbain |
| 260 | |aOttawa - Ontario : |bSociété canadienne d'hypothèques et de logement |c2001. |
| 300 | |a6p. ; |c28 cm. |
| 490 | 1 |aLe point en recherche. Série socio-économique |v90 |
| 563 | |aDépliant |
| 590 | |a02-08|b2002-02-22 |
| 691 | 07|aLogement subventionné|2gcpds |
| 691 | 07|aInvestissement|2gcpds |
| 691 | 07|aMilieu urbain|2gcpds |
| 775 | 08|tDisinvestment and the decline of urban neighborhoods |w(CaOODSP)9.615909 |
| 776 | 0#|tLe désinvestissement et le déclin des quartiers en milieu urbain |w(CaOODSP)9.602197 |
| 830 | #0|aLe point en recherche. Série socio-économique ;|v90|w(CaOODSP)9.513180 |
| 986 | |a62513 |